000 00613nam a2200241Ia 4500
008 210210b2015 xxu||||| |||| 00| 0 eng d
020 _a9789380702100
041 _aeng
082 _a581.634 JAIC
100 _aJAIN (Vartika)
245 _aCompendium of Indian folk medicine and ethnobotany (1991-2015)
260 _aNew Delhi
_bDeep & Deep Publication.,
_c2015
300 _ax,542
650 _amedicine
650 _aIndian
650 _afolk
650 _aethnobotany
650 _aCompendium
650 _a(1991-2015)
690 _aEconomic Botany
700 _aJAIN (S K)
906 _a073532
999 _c123336
_d123336